25 Lecciones Derecho de Familia /

Bibliographic Details
Main Author: Ortega-Vľez, Ruth E
Format: eBook
Language:Spanish
Published: Barcelona: Editorial vLex, 2017
Subjects:
Online Access:Acceso restringido

MARC

LEADER 00000nam a22000007a 4500
005 20180104180038.0
007 cr|||| ||||
008 180104s2017 sp |||||s|||| 00||0 spa d
035 |a 20963 
040 |a vLex 
090 |c 7362  |d 7362 
100 1 |a Ortega-Vľez, Ruth E 
245 1 0 |a 25 Lecciones  |h [Recurso electrn̤ico]:  |b Derecho de Familia /  |c Ruth E Ortega-Vľez 
256 |a Servicio en ln̕ea 
260 |a Barcelona:  |b Editorial vLex,  |c 2017 
300 |a 1 recurso electrn̤ico 
506 1 |a Disponible solo en los productos indicados  |d vLex Global  |d vLex Global (Academic Edition, excluding Law Schools)  |d vLex Global (U.S. Academic Edition, Law Schools)  |d vLex Global (U.S. Academic Edition, excluding Law Schools)  |d vLex Global (Academic Edition, Law Schools) 
650 0 4 |a Derecho Civil  |z Espaą 
740 0 |a vLex Libros (Servicio en ln̕ea) 
856 4 0 |u http://vlex.com/source/25-lecciones-derecho-familia-20963  |z Acceso restringido 
942 |c BOOK 
999 0 |a Civil law